Després de l'ESO... què? : ja saps què faràs? : Batxillerat, Cicles formatius de grau mitjà, PQPI,... ja saps què faràs? :
Descripción Física:
[12] p. ; 26 cm
MARC
| LEADER | 00000nam a2200000Ia 4500 | ||
|---|---|---|---|
| 001 | 21735 | ||
| 008 | 160829s2009 xx 000 0 cat d | ||
| 080 | |a FU-43-56 | ||
| 245 | |a Després de l'ESO... què? : |b ja saps què faràs? : |b Batxillerat, Cicles formatius de grau mitjà, PQPI,... | ||
| 260 | |a Barcelona : |b Diputació de Barcelona. Àrea d'Igualtat i Ciutadania, |c 2009 | ||
| 300 | |a [12] p. ; |c 26 cm | ||
| 650 | |a Orientació escolar |9 45806 | ||
| 650 | |a Orientació en l'ensenyament secundari |9 45807 | ||
| 710 | |a Barcelona (Catalunya : Província). |b Àrea d'Igualtat i Ciutadania |9 7840 | ||
| 901 | |a Arxiu | ||
| 942 | |n 1 | ||
| 952 | |0 0 |1 0 |4 0 |6 FU4356 |7 1 |9 52819 |a Arxiu |b Arxiu |d 2016-12-01 |l 0 |o FU-43-56 |p 21735 |r 2016-12-01 00:00:00 |w 2016-12-01 |y ARXIU | ||
| 999 | |c 56668 |d 56668 | ||